Statystyki dla Współczesne państwa Świętego Cesarstwa Rzymskiego z mapą

Kliknij tutaj aby rozwiązać quiz!

Ogólne statystyki

  • Ten quiz został rozwiązany 313 razy
  • Średni wynik to 16 z 16

Odpowiedzi na mapie

Odpowiedzi skodowane kolorowo w zielono-czerwonej skali na mapie do tego quizu, zgodnie z poniższymi procentami.
 

Statystyki odpowiedzi

Państwo% Poprawnych
Francja
100%
Holandia
100%
Luksemburg
100%
Niemcy
100%
Polska
100%
Włochy
100%
Austria
99%
Belgia
99%
Chorwacja
99%
Czechy
99%
San Marino
99%
Słowenia
99%
Szwajcaria
99%
Watykan
99%
Liechtenstein
98%
Monako
98%

Rozkład punktacji

Percentyl według liczby udzielonych odpowiedzi

Procent ludzi z każdym wynikiem

Twoja historia wyników

Nie rozwiązałeś tego quizu